Stationen : Beitrage zur Kulturgeschichte Agyptens : Rainer Stadelmann gewidmet /

محفوظ في:

مؤلفون آخرون: Stadelmann, Rainer., Guksch, Heike., Polz, Daniel, 1957-

التنسيق: كتاب

اللغة: German
English
French

منشور في: Mainz : P. von Zabern, 1998.

الموضوعات:

الوسوم: إضافة وسم

لا توجد وسوم, كن أول من يضع وسما على هذه التسجيلة!

رقم الطلب: DT60 .S725

LEADER 01232cam a2200361 a 4500
001 ocm41886292
003 OCoLC
005 20240116075304.0
008 990505s1998 gw af b 010 0 ger
010 |a  99202980  
020 |a 3805325266 
020 |a 9783805325264 
041 0 |a ger  |a eng  |a fre 
043 |a f-ua--- 
050 4 |a DT60  |b .S725 
245 0 0 |a Stationen :  |b Beitrage zur Kulturgeschichte Agyptens : Rainer Stadelmann gewidmet /  |c herausgegeben von Heike Guksch und Daniel Polz. 
264 1 |a Mainz :  |b P. von Zabern,  |c 1998. 
300 |a xvii, 497 pages, 28 pages of plates :  |b illustrations ;  |c 31 cm. 
336 |a text  |b txt  |2 rdacontent 
337 |a unmediated  |b n  |2 rdamedia 
338 |a volume  |b nc  |2 rdacarrier 
546 |a German, English, and French. 
500 |a Three folded leaves of plates in pocket. 
504 |a "Rainer Stadelmann, Verzeichnis seiner Schriften": pages xiii-xvii. 
504 |a Includes bibliographical references. 
651 0 |a Egypt  |x Antiquities. 
650 0 |a Pyramids  |z Egypt. 
650 0 |a Temples  |z Egypt. 
651 0 |a Egypt  |x Civilization  |y To 332 B.C. 
700 1 |a Stadelmann, Rainer. 
700 1 |a Guksch, Heike. 
700 1 |a Polz, Daniel,  |d 1957- 
999 |c 55450  |d 55450